[Event "IV C.to Italiano a squadre femminile"]
[Site "Spoleto ITA"]
[Date "2011.04.28"]
[Round "1"]
[White "Di Primio, Eugenia"]
[Black "Lazzarini, Irene"]
[Result "1-0"]
[WhiteElo "1969"]
[BlackElo "1590"]
[PlyCount "49"]
[EventDate "2011.04.28"]

1. f4 e5 2. fxe5 d6 3. e6 Bxe6 4. Nf3 Nc6 5. e4 Nf6 6. Nc3 d5 7. e5 Ne4 8. d4
Bb4 9. Bd2 Nxd2 10. Qxd2 O-O 11. Bd3 f6 12. exf6 Qxf6 13. O-O Qe7 14. Rae1 Qd6
15. Bxh7+ Kxh7 16. Rxe6 Qd7 17. Ng5+ Kg8 18. Rxf8+ Rxf8 19. Qd3 g6 20. Rxg6+
Kh8 21. Qg3 Rf7 22. Nxf7+ Qxf7 23. Qh3+ Qh7 24. Qc8+ Qg8 25. Qxg8# 1-0

[Event "IV C.to Italiano a squadre femminile"]
[Site "Spoleto ITA"]
[Date "2011.04.28"]
[Round "1"]
[White "Fierro Baquero, Martha Lorena"]
[Black "Inserra, Elisa"]
[Result "1-0"]
[WhiteElo "2367"]
[BlackElo "1809"]
[PlyCount "47"]
[EventDate "2011.04.28"]

1. e4 e5 2. Nf3 Nf6 3. d4 Nxe4 4. Bd3 d5 5. dxe5 Nc5 6. Be2 Be7 7. O-O O-O 8.
Be3 Bf5 9. Nc3 c6 10. Nd4 Qd7 11. f4 Be4 12. b4 Ne6 13. Bg4 Bxb4 14. Nxe4 dxe4
15. Nxe6 Qxd1 16. Rfxd1 fxe6 17. Rab1 a5 18. c3 Bxc3 19. Rxb7 Re8 20. Bxe6+ Kh8
21. Bf7 Rc8 22. e6 Na6 23. e7 Nc7 24. Rxc7 1-0

[Event "IV C.to Italiano a squadre femminile"]
[Site "Spoleto ITA"]
[Date "2011.04.28"]
[Round "1"]
[White "Lazzarini, Sabrina"]
[Black "De Rosa, Mariagrazia"]
[Result "0-1"]
[WhiteElo "1590"]
[BlackElo "2113"]
[PlyCount "62"]
[EventDate "2011.04.28"]

1. e4 c5 2. d4 cxd4 3. c3 dxc3 4. Nxc3 e6 5. Nf3 Nc6 6. Bc4 a6 7. O-O b5 8. Bb3
Na5 9. Bf4 Bb7 10. Bc2 Rc8 11. Rc1 Bc5 12. a3 Nc4 13. b4 Be7 14. Nb1 Nf6 15.
Qe2 d6 16. Rfd1 Qb6 17. Bd3 O-O 18. Bxc4 bxc4 19. e5 Nd5 20. Bg3 c3 21. exd6
Bxd6 22. Ne5 Qc7 23. Rd2 f6 24. Nd3 Bxg3 25. hxg3 Qc6 26. Qf3 Qb6 27. Re2 c2
28. Nd2 Nc3 29. Qe3 Nxe2+ 30. Qxe2 Qc6 31. Nc5 Qxg2# 0-1